| 000 | 00000nam##2200000za#4500 |
| 001 | 9.546085 |
| 003 | CaOODSP |
| 005 | 20241120095130 |
| 007 | ta |
| 008 | 150406|2008||||xxc||||| f|0| 0 fre|d |
| 020 | |a978-0-662-05842-7 |
| 022 | |a1705-5784 |
| 040 | |aCaOODSP|bfre |
| 041 | |aeng |
| 041 | |afre |
| 043 | |an-cn--- |
| 086 | 1 |aFo113-1/41-2008 |
| 110 | 1 |aCanada.|bRessources naturelles Canada. |bService canadien des forêts. |
| 245 | 10|aChangement climatique et feux de forêt : |bça chauffe! |
| 260 | |aQuébec - Québec : |bRessources naturelles Canada. |c2008. |
| 300 | |aTexte français, [1]p. : |bphotographies ; |c28 cm. |
| 490 | 1 |aL'éclaircie du Service canadien des forêts, Centre de foresterie des Laurentides|x1705-5784|vN° 41 |
| 563 | |aDépliant |
| 590 | |a08-38|b2008-09-19 |
| 691 | 07|aChangement climatique|2gcpds |
| 691 | 07|aIncendie de forêt|2gcpds |
| 776 | 0#|tClimate change and forest fires : |w(CaOODSP)9.564239 |
| 776 | 0#|tChangement climatique et feux de forêt : |w(CaOODSP)9.596018 |
| 791 | |tClimate change and forest fires : |eeng|w(CaOODSP)9.546084 |
| 830 | #0|aL'éclaircie du Service canadien des forêts, Centre de foresterie des Laurentides,|x1705-5784|vN° 41|w(CaOODSP)9.510897 |